Petrochemicals : The rise of an industry
Gespeichert in:
| 1. Verfasser: | |
|---|---|
| Format: | Buch |
| Sprache: | Undetermined |
| Veröffentlicht: |
New York
John Wiley And Sons
1988
|
| Schlagworte: | |
| Tags: |
Tag hinzufügen
Keine Tags, Fügen Sie den ersten Tag hinzu!
|
| Thư viện lưu trữ: | Trung tâm Học liệu Trường Đại học Cần Thơ |
|---|
| LEADER | 00521nam a2200193Ia 4500 | ||
|---|---|---|---|
| 001 | CTU_84075 | ||
| 008 | 210402s9999 xx 000 0 und d | ||
| 082 | |a 338.4 | ||
| 082 | |b S761 | ||
| 100 | |a Spitz, Peter H. | ||
| 245 | 0 | |a Petrochemicals : | |
| 245 | 4 | |b The rise of an industry | |
| 245 | 0 | |c Peter H. Spitz | |
| 260 | |a New York | ||
| 260 | |b John Wiley And Sons | ||
| 260 | |c 1988 | ||
| 650 | |a Petroleum chemicals industry | ||
| 904 | |i QHieu(sửa) | ||
| 980 | |a Trung tâm Học liệu Trường Đại học Cần Thơ | ||